Ghare baine (Novel) (Record no. 1336936)

MARC details
000 -LEADER
fixed length control field 00465nam a2200169Ia 4500
005 - DATE AND TIME OF LATEST TRANSACTION
control field 20250508152521.0
008 - FIXED-LENGTH DATA ELEMENTS--GENERAL INFORMATION
fixed length control field 008 250505s9999 xx 000 0 hin d
037 ## - SOURCE OF ACQUISITION
Stock number Textual
040 ## - CATALOGING SOURCE
Original cataloging agency FEDL
Language of cataloging eng
Transcribing agency FEDL
041 ## - LANGUAGE CODE
Language code of text/sound track or separate title hin
Source of code hin
084 ## - COLON CLASSIFICATION NUMBER
Classification number FB, TAG
Assigning agency FEDL
100 ## - MAIN ENTRY--PERSONAL NAME
Personal name Tagore Rabindranath
245 #0 - TITLE STATEMENT
Title Ghare baine (Novel)
260 ## - PUBLICATION, DISTRIBUTION, ETC.
Place of publication, distribution, etc. Calcutta, India
Name of publisher, distributor, etc. Viswabharathi Granthmala
Date of publication, distribution, etc. 1956
942 ## - ADDED ENTRY ELEMENTS (KOHA)
Koha item type Textual
Classification part FB, TAG
Holdings
Withdrawn status Lost status Damaged status Not for loan Home library Current library Date acquired Total Checkouts Full call number Barcode Date last seen Price effective from Koha item type
        Department of Education Library Department of Education Library 2025-05-08   FB, TAG EL0018978 2025-05-08 2025-05-08 Textual
Copyright @ Delhi University Library System